|
|
|
|
| LEADER |
00792nam a2200229 a 4500 |
| 001 |
c000093155 |
| 003 |
CARM |
| 005 |
00000000000000.0 |
| 008 |
940304s1970 enk 00011 eng d |
| 019 |
1 |
|
|a 10756237
|5 LACONCORD2021
|
| 020 |
|
|
|a 0850461634
|
| 035 |
|
|
|a (OCoLC)221638464
|5 LACONCORD2021
|
| 040 |
|
|
|a VLINC
|c VLINC
|
| 100 |
1 |
|
|a Niven, Frederick,
|d 1878-1944.
|
| 245 |
1 |
0 |
|a Old soldier /
|c Frederick Niven.
|
| 260 |
|
|
|a Bath :
|b Lythway,
|c 1970.
|
| 300 |
|
|
|a 250 p. ;
|c 19 cm.
|
| 500 |
|
|
|a First published: Collins, 1936.
|
| 852 |
8 |
|
|b CARM
|h A2:AD27H0
|i A00987
|p 0106820
|f BK
|
| 082 |
0 |
4 |
|a 823.912
|2 20
|
| 999 |
f |
f |
|i 07114da5-061b-5644-b9a5-7522c0bc076c
|s 8a879c45-8683-51f5-b82c-982dd4ed6c2c
|
| 952 |
f |
f |
|p Can circulate
|a CAVAL
|b CAVAL
|c CAVAL
|d CARM 1 Store
|e A00987
|f A2:AD27H0
|h Other scheme
|i book
|m 0106820
|